[Event "Quebec-ch semi-rapide"]
[Site "Montreal CAN"]
[Date "1989.07.30"]
[Round "1"]
[White "Couture, Conrad"]
[Black "Teuton, Frank"]
[Result "0-1"]
[WhiteElo "1816"]
[BlackElo "2067"]
[PlyCount "48"]
[GameId "2160767912502518"]
[EventDate "1989.07.30"]
[EventType "swiss (rapid)"]
[EventRounds "6"]
[EventCountry "CAN"]

1. e3 Nf6 2. c4 g6 3. Nc3 Bg7 4. Nf3 O-O 5. Be2 d6 6. O-O e5 7. d4 Qe7 8. b3 c6 9. Ba3 e4 10. Nd2 Re8 11. Re1 h5 12. Rc1 Bh6 13. Nf1 Nbd7 14. f3 exf3 15. Bxf3 Nf8 16. Rc2 N8h7 17. Bc1 Ng5 18. e4 Nxf3+ 19. gxf3 Bg7 20. Kh1 Nh7 21. Rg2 Bh3 22. Rg3 Qh4 23. Ne3 Bd7 24. Reg1 Qf6 0-1

[Event "Queens En Prise"]
[Site "Kingston CAN"]
[Date "1989.??.??"]
[Round "?"]
[White "Johnstone, Glenn"]
[Black "Southam, David"]
[Result "0-1"]
[WhiteElo "2391"]
[BlackElo "2234"]
[PlyCount "58"]
[GameId "2160767912519944"]
[EventDate "1989.??.??"]
[EventType "swiss"]
[EventRounds "5"]
[EventCountry "CAN"]
[SourceTitle "CFC 1990.02"]
[SourceDate "2011.01.01"]
[SourceVersion "1"]
[SourceVersionDate "2011.01.01"]
[SourceQuality "1"]

1. e4 e6 2. d4 d5 3. Nc3 Bb4 4. e5 c5 5. a3 Bxc3+ 6. bxc3 Ne7 7. Qg4 Qc7 8. Qxg7 Rg8 9. Qxh7 cxd4 10. Ne2 Nbc6 11. f4 dxc3 12. Qd3 Bd7 13. Nxc3 a6 14. Rb1 Na5 15. Ne2 O-O-O 16. Nd4 Nc4 17. h4 Nc6 18. h5 Rg4 19. Nf3 Rh8 20. Kd1 Be8 21. h6 Rg6 22. h7 f6 23. exf6 Rxh7 24. f7 Qxf7 25. Ng5 Rxh1 26. Nxf7 Rxg2 27. Ne5 N6xe5 28. fxe5 Bg6 29. Qf3 Bh5 0-1

[Event "RA Spring op"]
[Site "Ottawa CAN"]
[Date "1989.03.11"]
[Round "2"]
[White "Loo, Jack"]
[Black "Morin, Louis"]
[Result "0-1"]
[WhiteElo "1556"]
[BlackElo "1980"]
[PlyCount "78"]
[GameId "2160767912519615"]
[EventDate "1989.03.11"]
[EventType "swiss"]
[EventRounds "5"]
[EventCountry "CAN"]
[SourceTitle "hb 2013"]

1. Nf3 d5 2. c4 e6 3. d4 c5 4. e3 Nc6 5. b3 Nf6 6. Nc3 cxd4 7. exd4 Bb4 8. Bd2 dxc4 9. Bxc4 Nxd4 10. Bb5+ Nxb5 11. Nxb5 Bxd2+ 12. Qxd2 Qxd2+ 13. Nxd2 O-O 14. Nd6 Rd8 15. N2c4 Nd5 16. O-O Rb8 17. Rac1 Kf8 18. Nxc8 Rbxc8 19. Na5 Nc3 20. Rc2 b6 21. Nc4 Nd5 22. g3 b5 23. Na3 Rxc2 24. Nxc2 Nc3 25. Nb4 Rd2 26. Ra1 a5 27. Nc6 Rxa2 28. Rxa2 Nxa2 29. Nxa5 Ke7 30. Kf1 Kd7 31. Nb7 Kc7 32. Nc5 Kc6 33. Ne4 h6 34. Ke1 Nc1 35. Nd2 Kc5 36. Kd1 Nd3 37. Ke2 Kd4 38. Nf3+ Kc3 39. Nd2 Nc1+ 0-1

[Event "RA Spring op"]
[Site "Ottawa CAN"]
[Date "1989.03.11"]
[Round "3"]
[White "Desforges, Jean"]
[Black "Morin, Louis"]
[Result "0-1"]
[WhiteElo "2010"]
[BlackElo "1980"]
[PlyCount "58"]
[GameId "2160767912519616"]
[EventDate "1989.03.11"]
[EventType "swiss"]
[EventRounds "5"]
[EventCountry "CAN"]
[SourceTitle "hb 2013"]

1. d4 d5 2. c4 e6 3. Nf3 c5 4. cxd5 exd5 5. g3 Nc6 6. Bg2 Nf6 7. O-O Be7 8. Nc3 O-O 9. dxc5 Bxc5 10. Na4 Be7 11. Be3 Re8 12. Rc1 Bg4 13. Bc5 Ne4 14. Bxe7 Qxe7 15. Re1 Rad8 16. h3 Bh5 17. Nd4 Nxf2 18. Nxc6 bxc6 19. Kxf2 Qe3+ 20. Kf1 Qxg3 21. Kg1 Re3 22. Rxc6 Bf3 23. exf3 Rxe1+ 24. Qxe1 Qxe1+ 25. Kh2 Qe5+ 26. Kh1 Qe1+ 27. Kh2 Qe8 28. Ra6 Qb5 29. Rxa7 Qb8+ 0-1

[Event "RA Spring op"]
[Site "Ottawa CAN"]
[Date "1989.03.12"]
[Round "4"]
[White "Morin, Louis"]
[Black "Winterton, Ken"]
[Result "1/2-1/2"]
[WhiteElo "1980"]
[BlackElo "2168"]
[PlyCount "113"]
[GameId "2160767912519617"]
[EventDate "1989.03.11"]
[EventType "swiss"]
[EventRounds "5"]
[EventCountry "CAN"]
[SourceTitle "hb 2013"]

1. e4 e5 2. Nf3 Nf6 3. Nc3 Nc6 4. Bb5 Nd4 5. Nxe5 Qe7 6. f4 Nxb5 7. Nxb5 d6 8. Nf3 Qxe4+ 9. Kf2 Qc4 10. Re1+ Kd8 11. Nbd4 Bg4 12. d3 Qd5 13. c4 Qh5 14. h3 Bxf3 15. Qxf3 Qxf3+ 16. Nxf3 Be7 17. f5 Kd7 18. Bg5 h6 19. Bh4 Rae8 20. Re2 Bd8 21. Rae1 Rxe2+ 22. Rxe2 a6 23. b3 Be7 24. g4 b6 25. Kg2 c5 26. Bxf6 Bxf6 27. a4 Rb8 28. Kf2 Rf8 29. Kg2 g6 30. fxg6 fxg6 31. Nd2 Bd4 32. Nf3 Bc3 33. Rc2 Bf6 34. Re2 h5 35. Re4 hxg4 36. Rxg4 Rg8 37. Nh4 Bxh4 38. Rxh4 Re8 39. Kf2 Rf8+ 40. Kg2 Rf5 41. Rg4 g5 42. h4 gxh4 43. Rxh4 Kc6 44. Rh3 b5 45. axb5+ axb5 46. Rh6 b4 47. Rh4 Rf8 48. d4 Ra8 49. d5+ Kb6 50. Rh3 Ra3 51. Kf2 Kc7 52. Ke2 Kd7 53. Re3 Ra2+ 54. Kd1 Rb2 55. Kc1 Rf2 56. Kd1 Rh2 57. Kc1 1/2-1/2

[Event "RA Spring op"]
[Site "Ottawa CAN"]
[Date "1989.03.12"]
[Round "5"]
[White "Ross, Paul"]
[Black "Morin, Louis"]
[Result "1-0"]
[WhiteElo "2356"]
[BlackElo "1980"]
[PlyCount "63"]
[GameId "2160767912519618"]
[EventDate "1989.03.11"]
[EventType "swiss"]
[EventRounds "5"]
[EventCountry "CAN"]
[SourceTitle "hb 2013"]

1. d4 d5 2. c4 e6 3. Nc3 c5 4. cxd5 exd5 5. Nf3 Nc6 6. g3 Nf6 7. Bg2 Be7 8. O-O O-O 9. Be3 Ng4 10. Bf4 Be6 11. Rc1 cxd4 12. Nxd4 Nxd4 13. Qxd4 Bf6 14. Qa4 Qb6 15. h3 Ne5 16. Nxd5 Bxd5 17. Bxd5 Qxb2 18. Rc2 Qb6 19. Be3 Qd8 20. Bxb7 Rb8 21. Qa6 Qd7 22. Bg2 Rbc8 23. Rxc8 Qxc8 24. Qxc8 Rxc8 25. Bxa7 Rc2 26. a4 Rxe2 27. Rc1 g6 28. Be3 Kg7 29. Bd5 Nd3 30. Rc7 Nb4 31. Rxf7+ Kg8 32. Be6 1-0

[Event "RA Winter op"]
[Site "Ottawa CAN"]
[Date "1989.01.14"]
[Round "1"]
[White "Morin, Louis"]
[Black "Findlay, Ian"]
[Result "1/2-1/2"]
[WhiteElo "1915"]
[BlackElo "2421"]
[PlyCount "60"]
[GameId "2160767912519820"]
[EventDate "1989.01.14"]
[EventType "swiss"]
[EventRounds "5"]
[EventCountry "CAN"]
[SourceTitle "hb 2013"]

1. e4 c5 2. d4 cxd4 3. c3 d5 4. exd5 Qxd5 5. cxd4 Nf6 6. Nc3 Qd6 7. Nf3 e6 8. Bd3 Be7 9. O-O O-O 10. Bg5 Nc6 11. Qd2 b6 12. Rad1 Bb7 13. a3 Nd5 14. Nxd5 Qxd5 15. Rfe1 Nxd4 16. Bxh7+ Kxh7 17. Qxd4 Bxg5 18. Qg4 Qf5 19. Qxf5+ exf5 20. Nxg5+ Kg6 21. f4 Rad8 22. Rxd8 Rxd8 23. Re7 Bd5 24. Rxa7 f6 25. Nf3 Bxf3 26. gxf3 Rd1+ 27. Kg2 Rd2+ 28. Kg3 Rxb2 29. a4 Rb4 30. a5 bxa5 1/2-1/2

[Event "RA Winter op"]
[Site "Ottawa CAN"]
[Date "1989.01.14"]
[Round "2"]
[White "Kosich, Dusan"]
[Black "Morin, Louis"]
[Result "0-1"]
[WhiteElo "1781"]
[BlackElo "1915"]
[PlyCount "100"]
[GameId "2160767912519821"]
[EventDate "1989.01.14"]
[EventType "swiss"]
[EventRounds "5"]
[EventCountry "CAN"]
[SourceTitle "hb 2013"]

1. d4 d5 2. Nf3 c5 3. c4 e6 4. Nc3 Nc6 5. Bf4 cxd4 6. Nxd4 Bb4 7. Ndb5 e5 8. cxd5 exf4 9. dxc6 bxc6 10. Qxd8+ Kxd8 11. O-O-O+ Bd7 12. Nd4 Kc7 13. Nf3 Nf6 14. Ne5 Be6 15. a3 Bxc3 16. bxc3 Ne4 17. Nd3 Nxc3 18. Rd2 Nd5 19. Rb2 Rab8 20. Nc5 Rxb2 21. Kxb2 Rb8+ 22. Kc1 Kd6 23. Ne4+ Ke5 24. Ng5 h6 25. Nf3+ Kd6 26. g3 Rb3 27. Nd2 Rc3+ 28. Kb2 Bf5 29. Nf3 Be4 30. Bg2 Rc2+ 31. Kb3 Rxe2 32. Rf1 fxg3 33. hxg3 g5 34. Bh1 c5 35. Ng1 Ne3 36. Rc1 Bc2+ 37. Rxc2 Rxc2 38. Be4 Rxf2 39. Ka4 f5 40. Ba8 g4 41. Bb7 Nd5 42. Ba6 Nc3+ 43. Kb3 Rg2 44. Kxc3 Rxg1 45. a4 Rxg3+ 46. Kc4 f4 47. Kb5 Rb3+ 48. Ka5 f3 49. Bc4 Rb4 50. Bd3 g3 0-1

[Event "RA Winter op"]
[Site "Ottawa CAN"]
[Date "1989.01.14"]
[Round "3"]
[White "Morin, Louis"]
[Black "Dougherty, Michael"]
[Result "0-1"]
[WhiteElo "1915"]
[BlackElo "2293"]
[PlyCount "62"]
[GameId "2160767912519823"]
[EventDate "1989.01.14"]
[EventType "swiss"]
[EventRounds "5"]
[EventCountry "CAN"]
[SourceTitle "hb 2013"]

1. e4 c5 2. d4 cxd4 3. c3 d5 4. exd5 Qxd5 5. cxd4 Nc6 6. Nf3 e6 7. Nc3 Qd8 8. Bd3 Nf6 9. O-O Be7 10. Bg5 O-O 11. Qd2 Nb4 12. Bc4 a6 13. a3 Nbd5 14. Nxd5 exd5 15. Bd3 Ne4 16. Bxe7 Qxe7 17. Qe3 Bf5 18. Nd2 Rae8 19. f3 Nd6 20. Qxe7 Rxe7 21. Bxf5 Nxf5 22. Rfe1 Rfe8 23. Rxe7 Rxe7 24. Rc1 g6 25. Rc5 Re2 26. Nf1 Nh4 27. Rxd5 Rxg2+ 28. Kh1 Rxb2 29. Rd8+ Kg7 30. d5 Nxf3 31. d6 Rf2 0-1

[Event "RA Winter op"]
[Site "Ottawa CAN"]
[Date "1989.01.15"]
[Round "4"]
[White "Morin, Louis"]
[Black "Dorsey, Philip"]
[Result "1/2-1/2"]
[WhiteElo "1915"]
[BlackElo "2215"]
[PlyCount "133"]
[GameId "2160767912519826"]
[EventDate "1989.01.14"]
[EventType "swiss"]
[EventRounds "5"]
[EventCountry "CAN"]
[SourceTitle "hb 2013"]

1. e4 c5 2. d4 cxd4 3. c3 d5 4. exd5 Qxd5 5. cxd4 Nc6 6. Nf3 e5 7. Nc3 Bb4 8. Bd2 Bxc3 9. Bxc3 Bg4 10. dxe5 Nge7 11. Be2 O-O 12. O-O Qe4 13. Bd3 Qd5 14. Bxh7+ Kh8 15. Qa4 Bxf3 16. Qh4 g5 17. Qh6 Ng8 18. Bxg8+ Kxg8 19. Qxg5+ Kh7 20. Qf5+ Kh6 21. Qxf3 Qxf3 22. gxf3 Rg8+ 23. Kh1 Rae8 24. Rg1 Rg6 25. f4 Ne7 26. Rg3 Nd5 27. Rd1 Nxc3 28. Rxc3 f6 29. Rd7 Rg4 30. Rh3+ Kg6 31. Rg3 Kf5 32. Rf7 Rxg3 33. Rxf6+ Kg4 34. hxg3 Kf3 35. Rd6 Kxf2 36. Rd2+ Kxg3 37. Rd7 Rc8 38. Rg7+ Kf2 39. Rg2+ Kf3 40. f5 Kf4 41. Rf2+ Kxe5 42. f6 Ke6 43. f7 Rf8 44. Kg2 Rxf7 45. Rxf7 Kxf7 46. Kf3 Ke7 47. Ke3 Kd6 48. Kd4 Kc6 49. Kc4 Kb6 50. b4 a5 51. a3 axb4 52. axb4 Kc6 53. b5+ Kd6 54. Kd4 b6 55. Kc4 Ke5 56. Kc3 Kd5 57. Kb4 Kd4 58. Kb3 Kc5 59. Kc3 Kxb5 60. Kb3 Kc5 61. Kc3 b5 62. Kb3 b4 63. Kb2 Kc4 64. Kc2 b3+ 65. Kb2 Kb4 66. Kb1 Kc4 67. Kb2 1/2-1/2

[Event "RA Winter op"]
[Site "Ottawa CAN"]
[Date "1989.01.15"]
[Round "5"]
[White "Sarkar, Prosanto"]
[Black "Morin, Louis"]
[Result "1-0"]
[WhiteElo "2295"]
[BlackElo "1915"]
[PlyCount "71"]
[GameId "2160767912519827"]
[EventDate "1989.01.14"]
[EventType "swiss"]
[EventRounds "5"]
[EventCountry "CAN"]
[SourceTitle "hb 2013"]

1. e4 e5 2. Nc3 Nf6 3. g3 d5 4. exd5 Nxd5 5. Bg2 Nxc3 6. bxc3 Nc6 7. Ne2 Bc5 8. Bb2 O-O 9. d4 exd4 10. cxd4 Qf6 11. O-O Rd8 12. c3 Be6 13. Nf4 Bc4 14. Re1 Bf8 15. Nh5 Qd6 16. a4 Na5 17. Ba3 Qxa3 18. Rxa3 Bxa3 19. Qg4 Bf8 20. Nf6+ Kh8 21. Qh5 Bd3 22. Nxh7 Bxh7 23. Qxa5 Re8 24. Rxe8 Rxe8 25. Bxb7 c5 26. Qxa7 Re1+ 27. Kg2 Bd3 28. Qb8 Kg8 29. a5 g5 30. g4 cxd4 31. cxd4 Bf1+ 32. Kg3 Kg7 33. a6 Ba3 34. a7 Bc1 35. Qe5+ Rxe5 36. dxe5 1-0

[Event "Repentigny op"]
[Site "Repentigny CAN"]
[Date "1989.04.22"]
[Round "1"]
[White "Tomalty, Alan"]
[Black "Morin, Louis"]
[Result "0-1"]
[WhiteElo "1552"]
[BlackElo "1888"]
[PlyCount "64"]
[GameId "2160767912519474"]
[EventDate "1989.04.22"]
[EventType "swiss"]
[EventRounds "4"]
[EventCountry "CAN"]
[SourceTitle "hb 2013"]

1. e4 d5 2. exd5 Qxd5 3. Nc3 Qa5 4. d4 e5 5. dxe5 Bb4 6. Bd2 Nc6 7. f4 f6 8. Bd3 Be6 9. f5 Qxe5+ 10. Qe2 Bd7 11. O-O-O O-O-O 12. g4 Nge7 13. Be4 Qa5 14. Qc4 Ne5 15. Qb3 Bc6 16. Bxc6 N7xc6 17. a3 Bxc3 18. Bxc3 Rxd1+ 19. Kxd1 Rd8+ 20. Kc1 Qa6 21. Nh3 Nxg4 22. Rd1 Rxd1+ 23. Kxd1 Qf1+ 24. Kd2 Qg2+ 25. Kc1 Qh1+ 26. Kd2 Qxh2+ 27. Kc1 Qh1+ 28. Kd2 Qg2+ 29. Ke1 Qe4+ 30. Kd2 Qxf5 31. Qg8+ Nd8 32. Qxg7 Qd5+ 0-1

[Event "Repentigny op"]
[Site "Repentigny CAN"]
[Date "1989.04.22"]
[Round "2"]
[White "Morin, Louis"]
[Black "Lewis, Claude"]
[Result "1-0"]
[WhiteElo "1888"]
[BlackElo "1383"]
[PlyCount "59"]
[GameId "2160767912519475"]
[EventDate "1989.04.22"]
[EventType "swiss"]
[EventRounds "4"]
[EventCountry "CAN"]
[SourceTitle "hb 2013"]

1. e4 d6 2. d4 Nf6 3. Nc3 g6 4. f3 Bg7 5. Be3 O-O 6. Qd2 c6 7. Bh6 Nbd7 8. h4 e5 9. Nge2 exd4 10. Nxd4 Ne5 11. Be2 d5 12. O-O-O dxe4 13. Bxg7 Kxg7 14. Nxe4 Nxe4 15. Qf4 Qf6 16. Qxe4 Rb8 17. g4 Kg8 18. g5 Qg7 19. f4 Nd7 20. h5 Nc5 21. Qe7 Ne6 22. h6 Qh8 23. Nf3 Nxf4 24. Qxf8+ Kxf8 25. Rd8+ Ke7 26. Rxh8 Nxe2+ 27. Kd2 Nf4 28. Re1+ Kd6 29. Ree8 Ne6 30. Rxc8 1-0

[Event "Repentigny op"]
[Site "Repentigny CAN"]
[Date "1989.04.23"]
[Round "3"]
[White "Gaudreau, Alain"]
[Black "Morin, Louis"]
[Result "1-0"]
[WhiteElo "1798"]
[BlackElo "1888"]
[PlyCount "53"]
[GameId "2160767912519476"]
[EventDate "1989.04.22"]
[EventType "swiss"]
[EventRounds "4"]
[EventCountry "CAN"]
[SourceTitle "hb 2013"]

1. e4 d5 2. exd5 Qxd5 3. Nc3 Qa5 4. d4 e5 5. dxe5 Nc6 6. Bb5 Bd7 7. Bd2 Bb4 8. Bxc6 Bxc6 9. Nf3 O-O-O 10. O-O Bxf3 11. Qxf3 Qxe5 12. Qg4+ f5 13. Qxb4 Rxd2 14. Rae1 Qd6 15. Qa5 Nf6 16. Nb5 Qd8 17. Nxa7+ Kb8 18. Nb5 b6 19. Qa7+ Kc8 20. Qa6+ Kb8 21. Qa7+ Kc8 22. Qa8+ Kd7 23. Qf3 g6 24. Rd1 Ke7 25. Rfe1+ Ne4 26. Rxe4+ fxe4 27. Qxe4+ 1-0

[Event "Repentigny op"]
[Site "Repentigny CAN"]
[Date "1989.04.23"]
[Round "4"]
[White "Morin, Louis"]
[Black "Longpre, Roger"]
[Result "1/2-1/2"]
[WhiteElo "1888"]
[BlackElo "1446"]
[PlyCount "109"]
[GameId "2160767912519477"]
[EventDate "1989.04.22"]
[EventType "swiss"]
[EventRounds "4"]
[EventCountry "CAN"]
[SourceTitle "hb 2013"]

1. e4 e5 2. Nf3 d6 3. d4 exd4 4. Qxd4 Nc6 5. Bb5 Bd7 6. Bxc6 Bxc6 7. Bg5 f6 8. Bf4 Ne7 9. Nc3 Ng6 10. Bg3 Be7 11. O-O-O Qd7 12. Rhe1 b6 13. Qc4 O-O-O 14. e5 fxe5 15. Nxe5 Nxe5 16. Bxe5 Bxg2 17. Qa6+ Bb7 18. Qxa7 Qf5 19. Bg3 Bf6 20. Qa3 h5 21. Qb4 h4 22. Bf4 Bxc3 23. bxc3 Rde8 24. Be3 Re4 25. Bd4 Rhe8 26. Rxe4 Rxe4 27. Qc4 Bd5 28. Qd3 g6 29. Kb2 Bc6 30. Qc4 Qb5+ 31. Qxb5 Bxb5 32. Rg1 Be8 33. Rg5 Kd7 34. Rg1 Rf4 35. Be3 Rf5 36. Rg5 Rxg5 37. Bxg5 h3 38. Kc1 Bf7 39. a3 Be6 40. Kb2 Kc6 41. Bd8 Kb7 42. Be7 d5 43. Bf6 c6 44. Bd4 Ka6 45. Be3 Kb5 46. Bd4 Bf5 47. Be3 c5 48. Kb3 Be6 49. Kb2 Kc4 50. Bf4 b5 51. Be5 Bf5 52. Bf6 d4 53. cxd4 cxd4 54. Be5 Be4 55. Bg3 1/2-1/2

[Event "Saguenay"]
[Site "La Baie CAN"]
[Date "1989.08.18"]
[Round "1"]
[White "Audet, Jean-Marc"]
[Black "Gravel, Eric"]
[Result "0-1"]
[WhiteElo "1612"]
[BlackElo "1695"]
[PlyCount "46"]
[GameId "2160767912502489"]
[EventDate "1989.08.18"]
[EventType "tourn"]
[EventRounds "5"]
[EventCountry "CAN"]
[SourceTitle "FQE 02"]

1. c4 f5 2. Nc3 Nf6 3. d4 e6 4. Nf3 Be7 5. e3 b6 6. Bd3 O-O 7. Qc2 Bb7 8. Bd2 a5 9. h3 Na6 10. a3 Qe8 11. Rg1 Rc8 12. O-O-O d5 13. Ne5 c5 14. g4 cxd4 15. exd4 Ne4 16. gxf5 exf5 17. Bf4 Nc7 18. f3 Nxc3 19. bxc3 Bxa3+ 20. Kd2 Qh5 21. Rg5 Qh4 22. Rdg1 Qxf4+ 23. Ke2 Ne6 0-1

[Event "Saguenay"]
[Site "La Baie CAN"]
[Date "1989.08.18"]
[Round "1"]
[White "Bond, Jocelyn"]
[Black "Pouliot, Louis"]
[Result "0-1"]
[WhiteElo "1729"]
[BlackElo "1923"]
[PlyCount "48"]
[GameId "2160767912502490"]
[EventDate "1989.08.18"]
[EventType "tourn"]
[EventRounds "5"]
[EventCountry "CAN"]
[SourceTitle "FQE 02"]

1. f4 Nf6 2. Nf3 g6 3. b3 Bg7 4. Bb2 O-O 5. e3 d6 6. Be2 c5 7. O-O Nc6 8. Qe1 Rb8 9. Bd1 d5 10. Ne5 d4 11. Nxc6 bxc6 12. d3 Nd5 13. e4 Ne3 14. Rf2 c4 15. Na3 e5 16. fxe5 Be6 17. Nxc4 Bxc4 18. dxc4 Bxe5 19. Rf3 Nxc4 20. bxc4 Rxb2 21. Rb3 Rxb3 22. axb3 d3 23. c3 Qf6 24. Qf1 Bxh2+ 0-1

[Event "Saguenay"]
[Site "La Baie CAN"]
[Date "1989.08.19"]
[Round "2"]
[White "Couture, Alain"]
[Black "Bond, Jocelyn"]
[Result "0-1"]
[WhiteElo "1678"]
[BlackElo "1729"]
[PlyCount "42"]
[GameId "2160767912502491"]
[EventDate "1989.08.18"]
[EventType "tourn"]
[EventRounds "5"]
[EventCountry "CAN"]
[SourceTitle "FQE 02"]

1. e4 Nc6 2. d4 d5 3. exd5 Qxd5 4. Nf3 Bg4 5. Be2 O-O-O 6. Be3 Nf6 7. O-O e6 8. c4 Qh5 9. Nbd2 Bd6 10. c5 Bxh2+ 11. Kh1 Nd5 12. Qb3 Nxe3 13. fxe3 Bg3+ 14. Kg1 Rxd4 15. Rfd1 Rhd8 16. exd4 Nxd4 17. Qc4 e5 18. c6 b5 19. Qc5 Nxe2+ 20. Kf1 Qh1+ 21. Ng1 Nf4 0-1

[Event "Saguenay"]
[Site "La Baie CAN"]
[Date "1989.08.19"]
[Round "2"]
[White "Pouliot, Louis"]
[Black "Audet, Jean-Marc"]
[Result "1-0"]
[WhiteElo "1923"]
[BlackElo "1612"]
[PlyCount "40"]
[GameId "2160767912502492"]
[EventDate "1989.08.18"]
[EventType "tourn"]
[EventRounds "5"]
[EventCountry "CAN"]
[SourceTitle "FQE 02"]

1. e4 c5 2. Nf3 d6 3. d4 cxd4 4. Nxd4 Nf6 5. Nc3 a6 6. Bc4 e6 7. a3 Be7 8. Qe2 Nc6 9. Be3 Qc7 10. Ba2 b5 11. f4 O-O 12. O-O Nxd4 13. Bxd4 Bb7 14. Kh1 Qc6 15. Rae1 Rac8 16. Rf3 h6 17. Rg3 Kh8 18. Bb3 Rg8 19. Rh3 Nh7 20. Rxh6 e5 1-0

[Event "Saguenay"]
[Site "La Baie CAN"]
[Date "1989.08.19"]
[Round "2"]
[White "Tran, Luc"]
[Black "Gravel, Eric"]
[Result "0-1"]
[WhiteElo "1647"]
[BlackElo "1695"]
[PlyCount "58"]
[GameId "2160767912502493"]
[EventDate "1989.08.18"]
[EventType "tourn"]
[EventRounds "5"]
[EventCountry "CAN"]
[SourceTitle "FQE 02"]

1. d4 d5 2. c4 Bf5 3. Nc3 Nf6 4. Bf4 e6 5. Qb3 b6 6. g3 Nh5 7. Bd2 c6 8. Bg2 Nf6 9. Nf3 Be7 10. Rc1 Ne4 11. Bf4 Nxc3 12. Rxc3 Be4 13. O-O Nd7 14. Nd2 Bxg2 15. Kxg2 g5 16. Be3 h5 17. h3 f5 18. cxd5 cxd5 19. Rh1 Bd6 20. f4 gxf4 21. Bxf4 Bxf4 22. gxf4 Qh4 23. Rf3 Kf7 24. Qb5 Nf6 25. Nf1 Rhg8+ 26. Ng3 Ne4 27. Qd3 Nxg3 28. Rxg3 Rxg3+ 29. Qxg3 Rg8 0-1

[Event "Saguenay"]
[Site "La Baie CAN"]
[Date "1989.08.19"]
[Round "3"]
[White "Audet, Jean-Marc"]
[Black "Couture, Alain"]
[Result "0-1"]
[WhiteElo "1612"]
[BlackElo "1678"]
[PlyCount "82"]
[GameId "2160767912502494"]
[EventDate "1989.08.18"]
[EventType "tourn"]
[EventRounds "5"]
[EventCountry "CAN"]
[SourceTitle "FQE 03"]

1. c4 Nf6 2. Nc3 e6 3. g3 d5 4. cxd5 exd5 5. Bg2 Be6 6. d4 c5 7. dxc5 Bxc5 8. e3 Nc6 9. Nge2 a6 10. O-O Qd7 11. a3 O-O 12. b4 Ba7 13. Nf4 Rfd8 14. Nxe6 fxe6 15. Bb2 Rac8 16. Ne2 e5 17. Rc1 Kh8 18. Qd2 Qf7 19. h3 Rd6 20. Bxe5 Rdd8 21. Bb2 Ne4 22. Bxe4 dxe4 23. Qc2 Qe6 24. Nf4 Qe8 25. Qe2 Ne5 26. Rxc8 Rxc8 27. Rc1 Nf3+ 28. Kh1 Bb8 29. Qd1 Rd8 30. Qc2 h6 31. Rd1 Rc8 32. Qb1 Rc6 33. Rc1 Rxc1+ 34. Qxc1 Qd7 35. Kg2 Kh7 36. Ne2 Ng5 37. g4 h5 38. Ng1 hxg4 39. hxg4 Qxg4+ 40. Kf1 Nf3 41. Nxf3 Qxf3 0-1

[Event "Saguenay"]
[Site "La Baie CAN"]
[Date "1989.08.19"]
[Round "3"]
[White "Bond, Jocelyn"]
[Black "Tran, Luc"]
[Result "1-0"]
[WhiteElo "1729"]
[BlackElo "1647"]
[PlyCount "81"]
[GameId "2160767912502495"]
[EventDate "1989.08.18"]
[EventType "tourn"]
[EventRounds "5"]
[EventCountry "CAN"]
[SourceTitle "FQE 03"]

1. Nf3 d5 2. c4 d4 3. e3 c5 4. b4 dxe3 5. fxe3 cxb4 6. d4 e6 7. Bd3 Nc6 8. Bb2 Nf6 9. Nbd2 Be7 10. O-O O-O 11. Qe1 b6 12. Qh4 g6 13. Ng5 Nh5 14. Qe4 Bxg5 15. Qxc6 Bxe3+ 16. Kh1 Rb8 17. Nf3 Bb7 18. Qb5 Nf4 19. Rad1 Nxd3 20. Rxd3 Bh6 21. Qxb4 Qc7 22. Qc3 Bg7 23. Ne5 Rbc8 24. Ba3 Bxe5 25. Bxf8 Qc6 26. Rd2 Kxf8 27. dxe5 Qxc4 28. Qxc4 Rxc4 29. Rd7 Bd5 30. Rfxf7+ Ke8 31. Rfe7+ Kf8 32. Rc7 Rxc7 33. Rxc7 Bxa2 34. Rxa7 Bc4 35. Rxh7 b5 36. Rb7 Ke8 37. Kg1 Kd8 38. Kf2 Ke8 39. Rg7 Bd3 40. Ke3 Bf5 41. Kd4 1-0

[Event "Saguenay"]
[Site "La Baie CAN"]
[Date "1989.08.20"]
[Round "4"]
[White "Bond, Jocelyn"]
[Black "Audet, Jean-Marc"]
[Result "0-1"]
[WhiteElo "1729"]
[BlackElo "1612"]
[PlyCount "48"]
[GameId "2160767912502496"]
[EventDate "1989.08.18"]
[EventType "tourn"]
[EventRounds "5"]
[EventCountry "CAN"]
[SourceTitle "FQE 03"]

1. f4 d5 2. Nf3 Nf6 3. e3 e6 4. b3 Be7 5. Bb2 c5 6. Ne5 Qc7 7. Bb5+ Bd7 8. Bxd7+ Nbxd7 9. d3 O-O-O 10. Nxf7 Rhg8 11. Nxd8 Kxd8 12. Nd2 g5 13. g3 gxf4 14. exf4 d4 15. a4 Nd5 16. Nc4 Nxf4 17. Qf3 Nd5 18. Bc1 Rf8 19. Qe4 Nc3 20. Qxe6 Rf6 21. Qg8+ Rf8 22. Qg7 Qc6 23. Rf1 Rxf1+ 24. Kxf1 Qf3+ 0-1

[Event "Saguenay"]
[Site "La Baie CAN"]
[Date "1989.08.20"]
[Round "4"]
[White "Couture, Alain"]
[Black "Gravel, Eric"]
[Result "1/2-1/2"]
[WhiteElo "1678"]
[BlackElo "1695"]
[PlyCount "91"]
[GameId "2160767912502497"]
[EventDate "1989.08.18"]
[EventType "tourn"]
[EventRounds "5"]
[EventCountry "CAN"]
[SourceTitle "FQE 03"]

1. e4 e5 2. Nf3 Nc6 3. Bb5 a6 4. Bxc6 dxc6 5. O-O Bg4 6. h3 h5 7. d3 Qf6 8. Nbd2 O-O-O 9. Re1 Bc5 10. Qe2 Kb8 11. Nc4 Bxf3 12. Qxf3 Qxf3 13. gxf3 f6 14. f4 exf4 15. Bxf4 g5 16. Bh2 Nh6 17. Kg2 Rdf8 18. c3 Nf7 19. d4 Bd6 20. Nxd6 cxd6 21. c4 b6 22. b4 Kc8 23. b5 axb5 24. cxb5 c5 25. Rac1 Re8 26. f3 Rhg8 27. Kf2 Kb7 28. Red1 Rd8 29. d5 Ra8 30. Rd2 Ra3 31. Rcc2 g4 32. hxg4 hxg4 33. fxg4 Rxg4 34. Re2 Rh4 35. Ke1 Ra4 36. Kf1 Ne5 37. Rg2 Rhxe4 38. Rg7+ Kc8 39. Bxe5 Rxe5 40. Rcg2 Ree4 41. Rg8+ Kd7 42. R2g7+ Re7 43. Rxe7+ Kxe7 44. Rb8 Re4 45. Rb7+ Kf8 46. Rxb6 1/2-1/2

[Event "Saguenay"]
[Site "La Baie CAN"]
[Date "1989.08.20"]
[Round "4"]
[White "Tran, Luc"]
[Black "Pouliot, Louis"]
[Result "0-1"]
[WhiteElo "1647"]
[BlackElo "1923"]
[PlyCount "88"]
[GameId "2160767912502498"]
[EventDate "1989.08.18"]
[EventType "tourn"]
[EventRounds "5"]
[EventCountry "CAN"]
[SourceTitle "FQE 03"]

1. e4 c5 2. Nf3 e6 3. d4 cxd4 4. Nxd4 Nc6 5. Nc3 Nf6 6. Be3 Bb4 7. f3 Qa5 8. Qd2 d5 9. Bd3 dxe4 10. fxe4 Bd7 11. Nb3 Qh5 12. O-O O-O 13. Qe2 Qxe2 14. Nxe2 b6 15. Bf4 e5 16. Bg5 Be7 17. h3 Be6 18. Ng3 Rfd8 19. Nf5 Bxf5 20. Rxf5 Rac8 21. a3 Nd7 22. Be3 g6 23. Rf3 Kg7 24. Raf1 f6 25. Bc4 Nd4 26. Bxd4 Rxc4 27. Bc3 Rxe4 28. g4 Re2 29. Nd2 Nc5 30. Nc4 Ne4 31. Kh1 Nxc3 32. Rxc3 Rc8 33. Rd1 Rc7 34. Rd5 Re4 35. Nd6 Re1+ 36. Kg2 Rxc3 37. bxc3 Bxd6 38. Rxd6 Re2+ 39. Kf1 Rxc2 40. Rd7+ Kh6 41. Rxa7 Rxc3 42. Kg2 f5 43. gxf5 gxf5 44. a4 Ra3 0-1